| 000 | 00586nam a22002297i 4500 | ||
|---|---|---|---|
| 001 | IT\ICCU\RL1\0045191 | ||
| 003 | ItRI | ||
| 005 | 20260306162906.0 | ||
| 008 | 200629s2020 it |||||| ||||| |||||c | ||
| 020 | _a9788893901987 | ||
| 040 |
_bita _cNP |
||
| 041 | 7 |
_aita _2ISO-639-2 |
|
| 082 |
_a853.92 _221 |
||
| 100 | 0 |
_aNadiolinda _0IT\ICCU\LO1V\342734 |
|
| 240 | 1 | 0 |
_aPadania blues _9Nadiolinda |
| 245 | 1 | 0 |
_aPadania blues / _cNadia Busato. |
| 260 |
_a[Milano] : _bSEM, _c2020 |
||
| 300 |
_a262 p. ; _c23 cm. |
||
| 942 |
_2ddc _cBK |
||
| 981 | 1 |
_6z01 _ai _bxxxe |
|
| 982 | 1 |
_6z01 _an |
|
| 999 |
_c28856 _d28856 |
||